| 000 | 01066nam a22002777a 4500 | ||
|---|---|---|---|
| 001 | BD-DhSAU 9278 | ||
| 003 | BD-DhSAU | ||
| 005 | 20221205125102.0 | ||
| 008 | 150613b2018 bg a|||| m||| 00| 0 eng d | ||
| 040 | _aBD-DhSAU | ||
| 082 |
_222 _a630 _bUd2 |
||
| 100 |
_aUDDIN, MD. AFAZ _eRegistration # 14-06197 |
||
| 245 |
_aEffect of sowing times on phenological
development and yield of wheat
/ _bMS thesis |
||
| 260 |
_aSher-e-Bangla Agricultural University : _bDepartment of Agronomy, _c2021 |
||
| 300 |
_ax, 85p. : _bill. ; _c30 cm. |
||
| 500 | _aMS thesis of Department of Agonomy, Faculty of Agriculture, Sher-e-Bangla Agricultural University, Dhaka, Bangladesh | ||
| 504 | _aIncludes bibliographical reference. | ||
| 590 | _aNazmul | ||
| 650 | _asowing times | ||
| 650 | _aphenological | ||
| 651 | _awheat | ||
| 700 |
_aProf. Dr. H. M. M. Tariq Hossain _eSuperviser |
||
| 700 |
_aProf. Dr. A. K. M. Ruhul Amin _eCo-superviser |
||
| 856 | _uhttp://archive.saulibrary.edu.bd:8080/xmlui/handle/123456789/4591 | ||
| 942 |
_2ddc _cTHESIS |
||
| 999 |
_c16278 _d16277 |
||